| 000 | 00663nam a22002297a 4500 | ||
|---|---|---|---|
| 005 | 20170124110236.0 | ||
| 010 | _a505266 | ||
| 020 | _c120.00 | ||
| 035 | _a505266 | ||
| 037 | _bCen Lib/Ret | ||
| 040 |
_aDPL _bEN |
||
| 082 |
_a759.9543 _bSIV |
||
| 100 |
_aSivaramamurti, C. _942046 |
||
| 245 |
_aSouth indian paintings / _cby C. Sivaramamurti |
||
| 260 |
_aNew Delhi _bNational Museum _c1968 |
||
| 270 | _bNew Delhi | ||
| 300 |
_a174p.: _c27cm(Hb) _bill. |
||
| 500 | _aIncludes bibliographical references and index | ||
| 650 |
_aFine arts _942047 |
||
| 650 |
_aPaintings _zSouth indian _942048 |
||
| 942 |
_2ddc _cEN _h759.9543 _mSIV |
||
| 999 |
_c134878 _d134878 |
||